000 00609nam a22001937a 4500
005 20241105160447.0
010 _aENG-142507
020 _a978019880075
_c505.00
035 _aEN-126039
037 _bDBAD
082 _a005.82
100 _aMartin,Keith M.
_973721
245 _aEveryday Cryptography Fundamental Principles and Applications/
_bKeith M. Martin
250 _aFirst
260 _aNew Delhi
_bOxford University Press Inc.
_c2012
270 _aYMCA Library Buildings, 1 Jai Singh Road
_bNew York
_e110001
300 _a530p.
_c23(pbk)
942 _2ddc
_cEN
_h005.82
_mMAR
_e2012
999 _c206825
_d206825